15 Largest Cities in Taiwan🇹🇼 - Statistics

General Stats
  • This quiz has been taken 17 times
  • The average score is 5 of 15
Answer Stats
Population City % Correct
7.8 mil Taipei
100%
1.5 mil Kaohsiung
86%
771k Tainan
86%
1 mil Taichung
79%
404k Hsinchu
50%
397k Keelung
50%
94k Yilan
36%
350k Hualien City
14%
86k Puli
14%
105k Nantou
7%
109k Taitung City
7%
402k Taoyuan City
7%
124k Yuanlin
7%
543k Banqiao
0%
104k Douliu
0%
No matching quizzes found
Score Distribution
Percent of People with Each Score
Percentile by Number Answered
Your Score History
You have not taken this quiz